000 00329nam a2200133 i 4500
001 bg
100 1 _aSZANTYR, J.
245 0 _aEksperymentalna ocena kształtu pęcherza kawitacyjnego /
_cJ. Szantyr.
260 _aGdańsk,
_c1983.
040 _cBPK
041 _apol
942 _cKS
008 s pl f |000 0 pol
999 _c22362
_d22362
856 _uhttp://koha.tu.koszalin.pl/cgi-bin/koha/opac-detail.pl?biblionumber=22362
_yKatalog online BPK